Statistics for Mexico State Capitals

Click here to take the quiz!

General Stats

  • This quiz has been taken 52 times
    (50 since last reset)
  • The average score is 22 of 31

Answer Stats

StateCapitals% Correct
JaliscoGuadalajara
93%
OaxacaOaxaca
93%
PueblaPuebla
93%
ChihuahuaChihuahua
89%
Nuevo LeónMonterrey
89%
QuerétaroQuerétaro
89%
AguascalientesAguascalientes
85%
ColimaColima
85%
GuanajuatoGuanajuato
85%
DurangoVictoria de Durango
85%
San Luis PotosíSan Luis Potosí
81%
Baja CaliforniaMexicali
78%
CampecheSan Francisco de Campeche
78%
ZacatecasZacatecas
78%
YucatánMérida
74%
SonoraHermosillo
70%
TlaxcalaTlaxcala
70%
Baja California SurLa Paz
67%
MichoacánMorelia
67%
CoahuilaSaltillo
59%
MéxicoToluca de Lerdo
59%
TamaulipasCiudad Victoria
56%
MorelosCuernavaca
56%
SinaloaCuliacán
56%
ChiapasTuxtla Gutiérrez
56%
Quintana RooChetumal
52%
HidalgoPachuca
52%
NayaritTepic
52%
VeracruzXalapa
52%
GuerreroChilpancingo
48%
TabascoVillahermosa
48%

Score Distribution

Percentile by Number Answered

Percent of People with Each Score

Your Score History

You have not taken this quiz since the last reset